Someone Like You- Adele (21) - Statistics

General Stats
  • This quiz has been taken 3,312 times
  • The average score is 241 of 297
Answer Stats
Answer % Correct
I
100%
you
100%
You
100%
so
99%
like
98%
no
98%
a
97%
the
97%
someone
96%
be
95%
me
95%
to
95%
But
94%
but
94%
for
94%
and
93%
And
93%
that
92%
That
92%
wish
92%
best
91%
find
91%
Never
91%
nothing
91%
Nothing
91%
your
91%
heard
90%
it
90%
Don't
89%
girl
89%
found
88%
down
87%
forget
87%
in
87%
married
87%
came
86%
dreams
86%
I'll
86%
mind
86%
now
86%
remember
86%
love
85%
Sometimes
85%
sometimes
85%
true
85%
you're
83%
hurts
82%
settled
82%
said
81%
instead
80%
of
80%
too
80%
are
77%
couldn't
77%
gave
77%
give
77%
she
77%
why
76%
blue
75%
friend
75%
hate
75%
stay
75%
things
75%
beg
74%
shy
74%
lasts
73%
Old
73%
away
72%
over
72%
turn
72%
didn't
71%
Guess
71%
isn't
70%
out
70%
see
70%
face
69%
my
69%
up
69%
back
68%
from
68%
know
68%
uninvited
67%
hold
66%
time
66%
We
66%
fight
65%
Who
65%
how
63%
was
63%
Ain't
62%
or
62%
hide
61%
hoped
61%
our
61%
reminded
60%
were
59%
yesterday
59%
you'd
59%
lives
58%
flies
57%
light
57%
Only
56%
born
54%
by
51%
have
51%
raised
51%
summer
51%
days
50%
had
50%
would
50%
glory
49%
compares
46%
haze
46%
worries
46%
memories
45%
surprise
44%
this
44%
Regrets
43%
made
42%
mistakes
42%
Bound
41%
bittersweet
38%
known
36%
taste
35%
cares
32%
they're
24%
No matching quizzes found
Score Distribution
Percent of People with Each Score
Percentile by Number Answered
Your Score History
You have not taken this quiz